000 00319pab a2200133 454500
008 180718b xxu||||| |||| 00| 0 eng d
100 _aVittal, N.
245 _aExperiments in administrative innovation
650 _a IAS
650 _a Bureaucrayc
650 _aCivil Service
773 _aAdministrator
909 _a22888
999 _c22888
_d22888